Zvýšenie konkurenčnej výhody podniku implementovaním zelených prvkov do výrobného procesu bakalárska práca

Saved in:
Bibliographic Details
Main Author: Dubcová, Lucia
Corporate Author: Fakulta podnikového manažmentu EU. Katedra manažmentu výroby a logistiky - zrušená
Other Authors: Biela, Alexandra
Format: Book
Language:Slovak
Published: Bratislava 2023
Tags: Add Tag
No Tags, Be the first to tag this record!

MARC

LEADER 00000nbm a2200000 4500
001 0293559
005 20240529093440.6
041 0 |a slo 
044 |a SK 
245 1 0 |a Zvýšenie konkurenčnej výhody podniku implementovaním zelených prvkov do výrobného procesu  |b bakalárska práca  |c Lucia Dubcová ; školiteľ: Alexandra Biela 
264 1 |a Bratislava  |c 2023 
300 |a 58 s. 
100 1 |a Dubcová, Lucia 
700 1 |a Biela, Alexandra 
710 2 |a Fakulta podnikového manažmentu EU. Katedra manažmentu výroby a logistiky - zrušená